To every creature. (Record no. 11020)

000 -LEADER
fixed length control field 00663nam a2200193 a 4500
001 - CONTROL NUMBER
control field :::00008813$&:&@@
003 - CONTROL NUMBER IDENTIFIER
control field OkBaRHE
005 - DATE AND TIME OF LATEST TRANSACTION
control field 20000607103346.0
008 - FIXED-LENGTH DATA ELEMENTS--GENERAL INFORMATION
fixed length control field s1939 j 000 0 eng u
040 ## - CATALOGING SOURCE
Transcribing agency
100 1# - MAIN ENTRY--PERSONAL NAME
Personal name Trimble, Henry Burton.
245 10 - TITLE STATEMENT
Title To every creature.
260 ## - PUBLICATION, DISTRIBUTION, ETC. (IMPRINT)
Place of publication, distribution, etc Nashville, TN., :
Name of publisher, distributor, etc Cokesbury Press
Date of publication, distribution, etc c1939
300 ## - PHYSICAL DESCRIPTION
Extent 159 p. ;
Dimensions 20 cm.
650 ## - SUBJECT ADDED ENTRY--TOPICAL TERM
Topical term or geographic name as entry element Evangelistic Work
General subdivision Study and Teaching
942 ## - ADDED ENTRY ELEMENTS (KOHA)
Source of classification or shelving scheme
Koha item type Books
Copies
Shelving location Damaged status Copy number Price effective from Permanent Location Koha item type Withdrawn status Source of classification or shelving scheme Not for loan Barcode Lost status Full call number Date last seen Date acquired
General Stacks 12010-04-14RHEMA Bible Training CollegeBooks   8813 BV 3795 .T7E972010-04-142010-04-14
General Stacks 22010-04-14RHEMA Bible Training CollegeBooks   16332 BV 3795 .T7E972010-04-142010-04-14